000 00596nam a2200181Ia 4500
008 100920s9999 xx 000 0 und d
082 _b104716
_a891.43 न 09
100 _aगर्ग लक्ष्मीनारायण.
245 _aमहाभारत कोश.
260 _bमित्तल एंण्ड सन्स,दिल्ली.
_c2009
300 _a216
_bसाधी
365 _b250
520 _aहिंदी.
630 _aमहाभारत कोश.
650 _aहिंदी.
730 _aमहाभारत कोश.
942 _cBOOK
999 _c745148
_d745145